U.S. States with Seven Unique Letters - Statistics

General Stats
  • This quiz has been taken 26 times
  • The average score is 6 of 11
Answer Stats
State % Correct
Wyoming
68%
Florida
63%
Michigan
63%
Louisiana
58%
Connecticut
53%
Kentucky
53%
Vermont
53%
New York
47%
Maryland
37%
New Jersey
37%
Nebraska
32%
No matching quizzes found
Score Distribution
Percent of People with Each Score
Percentile by Number Answered
Your Score History
You have not taken this quiz